Missing Word: Sandra Bullock (A-Z) Quiz Stats

Quiz Updated Jan 17, 2015

Challenge
Share
Tweet
Embed
Score 0/20 Timer 03:00
0 Plays Today
Hint Missing Word % Correct
_____ Congeniality Miss
97.9%
_____ You Were SleepingWhile
96.4%
The _____ SideBlind
90.8%
A Time to _____ Kill
88.9%
When the Party's _____ Over
88.4%
Divine Secrets of the _____ -_____ Sisterhood Ya-Ya
86.9%
_____ FloatsHope
83.3%
Speed 2: _____ Control Cruise
81.1%
_____ If by Sea Two
75.1%
Extremely Loud & _____ CloseIncredibly
74.8%
Hint Missing Word % Correct
Murder by _____ Numbers
73.7%
_____ ShyGun
57.7%
_____ Magic Practical
53.2%
The Prince of _____ Egypt
52.2%
All About _____ Steve
51.7%
The _____ House Lake
46.5%
_____ of NatureForces
44.7%
_____ ManDemolition
43.7%
Fire on the _____ Amazon
11.6%
The _____ Vanishing
8.4%

Today's Daily Dose

Quick Pick
Brass Quintet

On This Day
May 22nd II

You're not logged in!

Compare scores with friends on all Sporcle quizzes.
Join for Free
OR
Log In

You Might Also Like...

Show Comments

Extras

Top Quizzes Today


Score Distribution

Your Account Isn't Verified!

In order to create a playlist on Sporcle, you need to verify the email address you used during registration. Go to your Sporcle Settings to finish the process.

Report this User

Report this user for behavior that violates our Community Guidelines.

Details: